[Event "Challenge"]
[Site "http://www.queenalice.com/game.php?id=257610"]
[Date "2007.8.18"]
[Round "-"]
[White "mcshell"]
[Black "welton"]
[Result "0-1"]
[WhiteElo "975"]
[BlackElo "1163"]

1. e4 d5 2. exd5 Qxd5 3. d4 Nc6 4. Bd3 Qxg2 5. Qe2 Qxh1 6. Qg4 Bxg4 7. Bf4 Qxg1+
8. Kd2 Qxf2+ 9. Kc3 Qxd4+ 10. Kb3 Qb4# 0-1

[Event "Let's Play Chess!"]
[Site "http://www.queenalice.com/game.php?id=257613"]
[Date "2007.8.18"]
[Round "-"]
[White "mcshell"]
[Black "cristiana"]
[Result "0-1"]
[WhiteElo "939"]
[BlackElo "1383"]

1. d4 e6 2. e4 d5 3. Bd3 c6 4. Bf4 Bb4+ 5. c3 dxe4 6. Bxe4 Bd6 7. g3 Nf6 8. Nf3
Nxe4 9. Qd3 f5 10. O-O h5 11. Bxd6 Qxd6 12. Na3 g5 13. Nc4 Qd5 14. Nxg5 Nxg5 15.
Ne3 Qf3 16. Rae1 Nh3# 0-1

[Event "AUTO-OPEN-792"]
[Site "http://www.queenalice.com/game.php?id=257900"]
[Date "2007.8.19"]
[Round "1"]
[White "aknightout"]
[Black "mcshell"]
[Result "1-0"]
[WhiteElo "1867"]
[BlackElo "932"]

1. e4 Nf6 2. d3 e5 3. g3 Bc5 4. Nf3 Bb4+ 5. c3 Ba5 6. Nxe5 Nc6 7. f4 O-O 8. Bg2
d6 9. Nxc6 Qd7 10. Nxa5 b6 11. Nb3 Rb8 12. O-O Bb7 13. f5 Ba6 14. g4 b5 15. g5
Ne8 16. Nd4 b4 17. Qh5 f6 18. Ne6 Bxd3 19. g6 Rf7 20. Qxh7# 1-0

[Event "AUTO-OPEN-792"]
[Site "http://www.queenalice.com/game.php?id=257901"]
[Date "2007.8.19"]
[Round "1"]
[White "mcshell"]
[Black "aknightout"]
[Result "0-1"]
[WhiteElo "939"]
[BlackElo "1923"]

1. d4 d6 2. e4 Nf6 3. Nc3 g6 4. Nf3 Bg7 5. Bd3 e5 6. dxe5 dxe5 7. Nxe5 Nxe4 8.
Bxe4 Bxe5 9. Bd2 O-O 10. h4 Re8 11. h5 Bxc3 12. bxc3 Rxe4+ 13. Kf1 Nc6 14. Rb1
Ne5 15. hxg6 fxg6 16. Rb5 Nc4 17. Bh6 Qxd1# 0-1

[Event "AUTO-OPEN-792"]
[Site "http://www.queenalice.com/game.php?id=257916"]
[Date "2007.8.19"]
[Round "1"]
[White "mcshell"]
[Black "cristiana"]
[Result "0-1"]
[WhiteElo "932"]
[BlackElo "1348"]

1. Nc3 e5 2. Nf3 f6 3. e4 d6 4. Bc4 Nh6 5. Bb5+ c6 6. Ba4 Bd7 7. O-O d5 8. exd5
Bd6 9. d3 Ng4 10. dxc6 bxc6 11. Ne4 Bc7 12. b4 h5 13. Rb1 Bb6 14. Bd2 a5 15.
bxa5 Rxa5 16. Rxb6 Qxb6 17. Bxa5 Qxa5 18. c4 h4 19. Nd6+ Ke7 20. Nf5+ Bxf5 21.
c5 h3 22. d4 e4 23. Qb1 Qxa4 24. Nd2 Qxd4 25. Re1 Qxf2+ 26. Kh1 Qxg2# 0-1

[Event "AUTO-OPEN-792"]
[Site "http://www.queenalice.com/game.php?id=257917"]
[Date "2007.8.19"]
[Round "1"]
[White "cristiana"]
[Black "mcshell"]
[Result "1-0"]
[WhiteElo "1333"]
[BlackElo "932"]

1. e4 e5 2. Bc4 d6 3. Qf3 Be7 4. Qxf7+ Kd7 5. Nf3 Nh6 6. Qe6+ Kc6 7. Qd5+ Kd7 8.
d4 Qf8 9. dxe5 Nf7 10. e6+ Ke8 11. Qb5+ Kd8 12. Nc3 Ne5 13. Nxe5 Nc6 14. Nxc6+
Ke8 15. Bg5 bxc6 16. Qxc6+ Kd8 17. h4 Rb8 18. b3 Bd7 19. Qxd7# 1-0

[Event "Let's Play Chess!"]
[Site "http://www.queenalice.com/game.php?id=258130"]
[Date "2007.8.20"]
[Round "-"]
[White "pedrogarciass"]
[Black "mcshell"]
[Result "1-0"]
[WhiteElo "1473"]
[BlackElo "939"]

1. d4 Nc6 2. d5 Ne5 3. e4 e6 4. Bf4 d6 5. Bxe5 dxe5 6. Nf3 Bb4+ 7. c3 Bc5 8.
Nxe5 Qf6 9. Nf3 Qf5 10. Bd3 Qf6 11. O-O exd5 12. exd5 h5 13. Re1+ Be7 14. Bb5+
Bd7 15. Bxd7+ Kxd7 16. Qa4+ c6 17. dxc6+ Kd8 18. Rd1+ Kc8 19. cxb7+ Kxb7 20.
Rd7+ Kb6 21. Nd4 Rc8 22. Qb5# 1-0

[Event "AUTO-BEG-130"]
[Site "http://www.queenalice.com/game.php?id=258662"]
[Date "2007.8.20"]
[Round "1"]
[White "mcshell"]
[Black "castlerock"]
[Result "0-1"]
[WhiteElo "939"]
[BlackElo "1218"]

1. g4 e5 2. Nf3 Nc6 3. b3 e4 4. Nc3 exf3 5. exf3 Bc5 6. Qe2+ Nge7 7. Qe5 Nxe5 8.
Bd3 N7c6 9. b4 Qh4 10. Nd5 Qxf2+ 11. Kd1 Bd6 12. Nxc7+ Bxc7 13. Rf1 Qxh2 14. Ba3
Nd4 15. Re1 Nxf3 16. Rb1 Qxd2# 0-1

[Event "AUTO-BEG-130"]
[Site "http://www.queenalice.com/game.php?id=258663"]
[Date "2007.8.20"]
[Round "1"]
[White "castlerock"]
[Black "mcshell"]
[Result "1-0"]
[WhiteElo "1204"]
[BlackElo "1020"]

1. e4 Nf6 2. Nc3 Nc6 3. d4 d5 4. e5 Nxd4 5. Qxd4 c5 6. Qa4+ Bd7 7. Bb5 a6 8.
Bxd7+ Qxd7 9. Qf4 Rg8 10. exf6 gxf6 11. Nf3 Rxg2 12. Be3 Rc8 13. O-O-O Rg4 14.
Ne5 Qc7 15. Qf5 Rg2 16. Qh3 Qxe5 17. Qxg2 d4 18. Bxd4 cxd4 19. Rhe1 Qa5 20. Rxd4
Qxa2 21. Nxa2 f5 22. Qxb7 f6 23. Qd7+ Kf7 24. Qxc8 Bh6+ 25. Kb1 f4 26. Qe6+ Kg6
27. Rg1+ Bg5 28. Rxg5+ Kxg5 29. f3 Kh4 30. Rxf4+ Kg5 31. Qg4+ 1-0

[Event "AUTO-BEG-130"]
[Site "http://www.queenalice.com/game.php?id=258664"]
[Date "2007.8.20"]
[Round "1"]
[White "mcshell"]
[Black "welton"]
[Result "0-1"]
[WhiteElo "954"]
[BlackElo "1260"]

1. b4 e6 2. g4 Bxb4 3. Bb2 Qg5 4. Nf3 Qxg4 5. h3 Qf4 6. Rg1 f6 7. Rxg7 Bc5 8.
Qc1 Qh6 9. Rxg8+ Rxg8 10. c4 e5 11. Bg2 Rxg2 12. Kd1 Qxh3 13. Qc3 Rxf2 14. Na3
Qf5 15. Nb5 e4 16. Nfd4 Bxd4 17. Qxd4 e3 18. Nxc7+ Kd8 19. Nxa8 Rf1# 0-1

[Event "AUTO-BEG-130"]
[Site "http://www.queenalice.com/game.php?id=258665"]
[Date "2007.8.20"]
[Round "1"]
[White "welton"]
[Black "mcshell"]
[Result "1-0"]
[WhiteElo "1266"]
[BlackElo "946"]

1. c3 b5 2. e3 g5 3. Qf3 Bg7 4. Qxa8 Nf6 5. Qxb8 b4 6. Qxa7 Nd5 7. d4 c5 8. Qxc5
d6 9. Qxd5 Bg4 10. Qxg5 bxc3 11. Qxg7 Kd7 12. Qxg4+ Ke8 13. Nxc3 Qb6 14. Qc8+
Qd8 15. Bb5+ Kf8 16. Qxd8+ Kg7 17. Qxe7 h5 18. Nd5 Rg8 19. e4 h4 20. Qf6+ Kh7
21. Qh6# 1-0

[Event "AUTO-BEG-130"]
[Site "http://www.queenalice.com/game.php?id=258666"]
[Date "2007.8.20"]
[Round "1"]
[White "mcshell"]
[Black "A009"]
[Result "0-1"]
[WhiteElo "1011"]
[BlackElo "1303"]

1. d4 d5 2. e3 Nc6 3. Qd3 Nf6 4. Nf3 e6 5. Be2 Bd6 6. O-O O-O 7. Bd2 e5 8. dxe5
Nxe5 9. Nxe5 Bxe5 10. a4 Bxb2 11. Ra2 Be5 12. Qf5 Bxf5 13. Rb2 Bxb2 14. Bb4 Re8
15. Nd2 Ne4 16. Nf3 Qf6 17. Bb5 c6 18. Bd3 c5 19. Ba5 b6 20. Bb5 Red8 21. Bd2
Nxd2 22. Nxd2 Qg6 23. Rb1 Bh3 24. Rxb2 Qxg2# 0-1

[Event "AUTO-BEG-130"]
[Site "http://www.queenalice.com/game.php?id=258667"]
[Date "2007.8.20"]
[Round "1"]
[White "A009"]
[Black "mcshell"]
[Result "1-0"]
[WhiteElo "1307"]
[BlackElo "1007"]

1. e4 Nf6 2. Nc3 g6 3. d4 Bg7 4. e5 Nh5 5. g4 O-O 6. gxh5 Nc6 7. Bb5 a6 8. Bxc6
bxc6 9. h6 Rb8 10. b3 e6 11. hxg7 Kxg7 12. Qd2 d6 13. Bb2 dxe5 14. O-O-O Rb4 15.
Nce2 a5 16. Bc3 Rb8 17. f4 exf4 18. Qxf4 Ba6 19. d5+ f6 20. dxe6 Qe7 21. h4 Qa3+
22. Kb1 Rfe8 23. Qxf6+ Kh6 24. Bd2+ Kh5 25. Qg5# 1-0

[Event "Challenge"]
[Site "http://www.queenalice.com/game.php?id=275409"]
[Date "2007.9.22"]
[Round "-"]
[White "filipe5b"]
[Black "mcshell"]
[Result "1-0"]
[WhiteElo "1539"]
[BlackElo "1028"]

1. e4 Nf6 2. Qf3 e6 3. Bc4 Bd6 4. Nh3 O-O 5. Ng5 Nc6 6. O-O Na5 7. d3 b6 8. Bf4
Bxf4 9. Qxf4 Bb7 10. Nc3 d5 11. exd5 1-0

[Event "MSCHELL"]
[Site "http://www.queenalice.com/game.php?id=280873"]
[Date "2007.10.4"]
[Round "-"]
[White "foda"]
[Black "mcshell"]
[Result "1-0"]
[WhiteElo "1257"]
[BlackElo "1022"]

1. e4 Nf6 2. e5 Nd5 3. Bc4 Nb4 4. a3 N4c6 5. Nf3 h5 6. Ng5 Nxe5 7. d4 Nxc4 8. b3
Nd6 9. Bf4 Rh6 10. Nh3 Na6 11. Bxh6 gxh6 12. c4 c6 13. Qxh5 Ne4 14. f3 Nf6 15.
Qf5 1-0

[Event "Challenge"]
[Site "http://www.queenalice.com/game.php?id=285219"]
[Date "2007.10.12"]
[Round "-"]
[White "Marso"]
[Black "mcshell"]
[Result "1-0"]
[WhiteElo "1515"]
[BlackElo "1022"]

1. e4 Nf6 2. e5 Ne4 3. d3 Nc5 4. d4 e6 5. dxc5 Bxc5 6. Qg4 Nc6 7. Qxg7 Bf8 8.
Qxh8 Qe7 9. Nf3 b5 10. Bxb5 Bb7 11. O-O f6 12. exf6 Qd6 13. Qxh7 a5 14. Ng5 e5
15. Nc3 1-0

[Event "Challenge"]
[Site "http://www.queenalice.com/game.php?id=288822"]
[Date "2007.10.18"]
[Round "-"]
[White "mcshell"]
[Black "FENIX_RJ"]
[Result "0-1"]
[WhiteElo "1015"]
[BlackElo "1456"]

1. d4 Nf6 2. Be3 d5 3. Qd2 Bg4 4. Nc3 e6 5. O-O-O Nbd7 6. f3 Bf5 7. h4 c6 8. g4
Bg6 9. f4 Nb6 10. f5 Nc4 11. Qd3 Nxg4 0-1